| 000 | 00455nam a2200145 a 4500 | ||
|---|---|---|---|
| 001 | 000033555 | ||
| 005 | 20240301142239.0 | ||
| 008 | 110831s1889 sp 000 0 spa d | ||
| 040 |
_aDO-SdBNP _bspa _cBNPHU |
||
| 082 | _axxx | ||
| 100 | 1 |
_aNúñez de Cáceres, José, _d1772-1846 _913255 |
|
| 245 | 1 | 0 |
_aCurso sintético de latín clásico / _cJosé Núñez de Cáceres. |
| 260 |
_aBarcelona : _bImprenta de Luís Tasso, _c1889. |
||
| 300 |
_a167 p. ; _c20 cm. |
||
| 999 |
_c33046 _d33046 |
||